00648nam a2200169 a 450000100100000000500170001000800410002704000250006808200160009311000870010924500150019626001070021130000200031804900090033895201140034799900170046100003214120200930063450.0110713s1993 dr 000 0 spa d aDO-SdBNPbspacBNPHU axxxxbA837h2 aAsociación de Ex-Alumnos del Seminario Pontificio Santo Tomás de Aquino95824910aEstatutos. a[Santo Domingo :bAsociación de Ex-Alumnos del Seminario Pontificio Santo Tomás de Aquino,c1993]. a19 p. ;c23 cm. aBNPD 0010718PDaPDbPDcCTd2011-07-13iLF1l0oxxxx A837hp32141-10r2020-06-25w2020-06-25yLFPDZNo se presta c31632d31632